All Countries of the World by Country Codes - Only Map - Statistics

General Stats
  • This quiz has been taken 88 times
  • The average score is 103 of 196
Answers on the Map
Answers color-coded by a green-red scale on the quiz's map according to % correct below.
 
Answer Stats
Country % Correct
Argentina ar
95%
Canada ca
95%
France fr
95%
United States us
95%
Iran ir
93%
Russia ru
93%
Brazil br
90%
Switzerland ch
90%
India in
90%
Morocco ma
90%
Saudi Arabia sa
90%
Belgium be
88%
Colombia co
88%
Mexico mx
88%
Panama pa
88%
Australia au
85%
Bolivia bo
85%
Spain es
85%
Sweden se
85%
Slovakia sk
85%
Sierra Leone sl
85%
Chile cl
83%
Germany de
83%
Peru pe
83%
Costa Rica cr
80%
Cuba cu
80%
Italy it
80%
Somalia so
80%
Turkey tr
80%
Albania al
78%
Bosnia and Herzegovina ba
78%
China cn
78%
Ethiopia et
78%
Finland fi
78%
Indonesia id
78%
Ireland ie
78%
Japan jp
78%
Suriname sr
78%
Liechtenstein li
76%
Montenegro me
76%
Norway no
76%
Bulgaria bg
73%
Denmark dk
73%
Egypt eg
73%
Georgia ge
73%
Kazakhstan kz
73%
Mali ml
73%
Malaysia my
73%
Nicaragua ni
73%
Poland pl
73%
Venezuela ve
73%
Dominican Republic do
71%
Iraq iq
71%
Austria at
68%
Bahrain bh
68%
Bahamas bs
68%
Ecuador ec
68%
United Kingdom gb
68%
Israel il
68%
Laos la
68%
Niger ne
68%
Romania ro
68%
Thailand th
68%
Antigua and Barbuda ag
66%
Greece gr
66%
Portugal pt
66%
Slovenia si
66%
Uruguay uy
66%
Ivory Coast ci
63%
Guyana gy
63%
Mongolia mn
63%
Philippines ph
63%
Paraguay py
63%
Sudan sd
63%
Senegal sn
63%
Afghanistan af
61%
Gabon ga
61%
Nigeria ng
61%
Oman om
61%
Syria sy
61%
Ukraine ua
61%
Belize bz
59%
Czech Republic cz
59%
El Salvador sv
59%
Yemen ye
59%
Bhutan bt
56%
Guatemala gt
56%
Honduras hn
56%
Hungary hu
56%
Lithuania lt
56%
Moldova md
56%
New Zealand nz
56%
Papua New Guinea pg
56%
Pakistan pk
56%
Azerbaijan az
54%
Brunei bn
54%
Cameroon cm
54%
Latvia lv
54%
Madagascar mg
54%
Namibia na
54%
Vietnam vn
54%
Haiti ht
51%
Iceland is
51%
Mauritania mr
51%
Uganda ug
51%
Uzbekistan uz
51%
Angola ao
49%
Democratic Republic of the Congo cd
49%
Eritrea er
49%
Libya ly
49%
Tunisia tn
49%
Tanzania tz
49%
Armenia am
46%
Bangladesh bd
46%
Cyprus cy
46%
Dominica dm
46%
Tonga to
46%
South Africa za
46%
Burkina Faso bf
44%
Burundi bi
44%
Jamaica jm
44%
Jordan jo
44%
Lebanon lb
44%
Monaco mc
44%
Mozambique mz
44%
South Sudan ss
44%
United Arab Emirates ae
41%
Croatia hr
41%
South Korea kr
41%
Djibouti dj
39%
Kenya ke
39%
Luxembourg lu
39%
Malta mt
39%
Mauritius mu
39%
Netherlands nl
39%
Qatar qa
39%
San Marino sm
39%
Tajikistan tj
39%
Turkmenistan tm
39%
Taiwan tw
39%
Zambia zm
39%
Botswana bw
37%
Republic of the Congo cg
37%
Ghana gh
37%
Maldives mv
37%
Nepal np
37%
São Tomé and Príncipe st
37%
Andorra ad
34%
Guinea gn
34%
Myanmar mm
34%
Rwanda rw
34%
Solomon Islands sb
34%
Togo tg
34%
Kyrgyzstan kg
32%
Fiji fj
29%
Gambia gm
29%
Nauru nr
29%
Belarus by
27%
Estonia ee
27%
Kiribati ki
27%
Lesotho ls
27%
Singapore sg
27%
Eswatini sz
27%
Barbados bb
24%
Central African Republic cf
24%
Cape Verde cv
24%
Algeria dz
24%
Kuwait kw
24%
Malawi mw
24%
Seychelles sc
24%
Trinidad and Tobago tt
24%
Zimbabwe zw
24%
North Macedonia mk
22%
Serbia rs
22%
Chad td
22%
Cambodia kh
20%
Saint Kitts and Nevis kn
20%
Liberia lr
20%
Vatican City va
20%
Marshall Islands mh
17%
Benin bj
15%
Equatorial Guinea gq
15%
Saint Lucia lc
15%
East Timor tl
12%
Saint Vincent and the Grenadines vc
12%
Vanuatu vu
12%
Kosovo xk
12%
North Korea kp
10%
Tuvalu tv
10%
Federated States of Micronesia fm
7%
Guinea-Bissau gw
7%
Comoros km
7%
Grenada gd
5%
Sri Lanka lk
5%
Palau pw
5%
Samoa ws
2%
No matching quizzes found
Score Distribution
Percent of People with Each Score
Percentile by Number Answered
Your Score History
You have not taken this quiz